| 000 | 00948nam a22002057a 4500 | ||
|---|---|---|---|
| 005 | 20080624151852.0 | ||
| 008 | 080624t xxu||||| |||| 00| 0 hin d | ||
| 010 | _aHIN-46019 | ||
| 020 | _c140.00 | ||
| 035 | _aHN-27345 | ||
| 037 | _bDBAD | ||
| 040 |
_adpl _bHN |
||
| 082 | _a181.492 / महाप्र | ||
| 100 | _aमहाप्रज्ञ | ||
| 245 |
_aमैं हूँ अपने भाग्य का निर्माता / _cमहाप्रज्ञ, दुलहराज द्वारा संपादित |
||
| 260 |
_aचूरू _bआदर्श साहित्य संघ _c1999 |
||
| 300 |
_a262पृ. _c23सेमी. |
||
| 942 |
_cHN _2ddc _h181.492 _mमहाप्र |
||
| 999 |
_c13958 _d13958 |
||